000 00585nam a2200193Ia 4500
005 20250326143530.0
008 250326s9999 xx 000 0 und d
020 _a0-7656-1057-4
037 _aTextbook
040 _aFMSL
_beng
_cFMSL
041 _aeng
_2eng
084 _aX:8.1 P4
_qFMSL
100 _aPunnett Betty Jane
245 0 _aInternational perspective on organizational behavior and human resource management
_cPunnett Betty Jane
260 _aArmonk
_bArmonk, M E Sharpe
_c2004
300 _axiii,285
942 _cTB
_hX:8.1 P4
999 _c1299980
_d1299980